| 000 | 00351nam a2200121Ia 4500 | ||
|---|---|---|---|
| 008 | 220216s9999 xx 000 0 und d | ||
| 100 | _aKpolo D Mapri | ||
| 245 | 0 | _aTowards the end of the international natural rubber agreement? | |
| 260 |
_bRubber International Magazine _c1999 |
||
| 300 | _a57-59 | ||
| 650 | _aNatural rubber agreement | ||
| 942 | _cJS | ||
| 999 |
_c71421 _d71421 |
||